| 000 | 01195nas a2200385 4500 | ||
|---|---|---|---|
| 001 | BR0800798 | ||
| 003 | BR-BrBNA | ||
| 005 | 20231205111601.0 | ||
| 007 | ta | ||
| 008 | 230509b bl.|||p| |||| 00| 00por d | ||
| 040 |
_aBR-BrBNA _bpor _cBiblioteca Nacional de Agricultura |
||
| 041 | _a(Pt) | ||
| 072 | _aL01; L53; L10 | ||
| 100 | 1 | _aBorsato, E.A. | |
| 100 | 1 | _aLudwig, H.E. | |
| 100 | 1 | _aRubin, K.C.P. | |
| 100 | 1 | _aSaut, J.P.E. | |
| 100 | 1 | _aBarreiros, T.R.R. | |
| 100 | 1 | _aSeneda, M.M. | |
| 245 | 1 | _aRelação entre o tamanho do folículo ovulatório e taxa de concepção em novilhas Bos taurus X Bos indicus submetidas a inseminação artificial em tempo fixo | |
| 650 | _aBOVINO | ||
| 650 | _aREPRODUÇÃO ANIMAL | ||
| 650 | _aINSEMINAÇÃO ARTIFICIAL | ||
| 650 | _aTAXA DE NATALIDADE | ||
| 650 | _aPROGESTERONA | ||
| 650 | _aTAMANHO | ||
| 650 | _aFOLÍCULO | ||
| 650 | _aOVÁRIO | ||
| 650 | _aNOVILHA | ||
| 650 | _aBOS TAURUS | ||
| 650 | _aBOS INDICUS | ||
| 773 | 0 |
_tRevista Brasileira de Reprodução Animal (Brazil) _xISSN 0102-0803 _g(Jul-Sep 2004), v. 28(3) p. 137-142 _wBR0800798 |
|
| 909 |
_a202311 _bLúcia _c55 _dLúcia Elande |
||
| 942 |
_2AGRIS _n0 _cANA |
||
| 999 |
_c193407 _d193407 |
||